[Event "Ruhrgebiet VL1 0708"]
[Site "Germany"]
[Date "2008.02.17"]
[Round "6.6"]
[White "Kandyba, Andriy"]
[Black "Limberg, Martin"]
[Result "1/2-1/2"]
[WhiteElo "2076"]
[BlackElo "2058"]
[PlyCount "42"]
[EventDate "2007.09.02"]
[EventType "team"]
[EventRounds "9"]
[EventCountry "GER"]
[SourceTitle "EXT 2009"]
[Source "ChessBase"]
[SourceDate "2008.11.26"]
[SourceVersion "1"]
[SourceVersionDate "2008.11.26"]
[SourceQuality "1"]
[WhiteTeam "Bochum-Linden"]
[BlackTeam "Osterfeld "]
[WhiteTeamCountry "GER"]
[BlackTeamCountry "GER"]

1. d4 d5 2. Nf3 c6 3. c4 Nf6 4. Nc3 Qb6 5. c5 Qc7 6. g3 Bf5 7. Qb3 Nbd7 8. Bf4 Qc8 9. Nh4 Bg6 10. Bg2 e6 11. Rc1 Be7 12. 0-0 0-0 13. Nxg6 hxg6 14. Qd1 Bd8 15. b4 Bc7 16. Qd2 a6 17. f3 e5 18. Be3 Re8 19. Bf2 exd4 20. Bxd4 Be5 21. e3 Bxd4 1/2-1/2

[Event "Duisburg Grossenbaum op"]
[Site "Duisburg"]
[Date "2005.05.13"]
[Round "1"]
[White "Limberg, Martin"]
[Black "Dicks, Friedrich"]
[Result "1-0"]
[WhiteElo "2042"]
[BlackElo "1498"]
[PlyCount "49"]
[EventDate "2005.05.13"]
[EventType "swiss"]
[EventRounds "7"]
[EventCountry "GER"]
[SourceTitle "EXT 2006"]
[Source "ChessBase"]
[SourceDate "2005.11.24"]
[SourceVersion "1"]
[SourceVersionDate "2005.11.24"]
[SourceQuality "1"]

1. d4 Nf6 2. Bf4 g6 3. e3 Bg7 4. h3 d6 5. Nf3 Nbd7 6. c3 c5 7. Be2 b6 8. 0-0 Ne4 9. a4 0-0 10. Qc2 Bb7 11. Nbd2 Ndf6 12. a5 Nxd2 13. Nxd2 cxd4 14. exd4 Nd5 15. Bh2 bxa5 16. Nc4 Nf6 17. Nxa5 Be4 18. Bd3 Bxd3 19. Qxd3 e5 20. dxe5 dxe5 21. Qxd8 Rfxd8 22. Bxe5 Rd2 23. Nc4 Rd5 24. Bxf6 Bxf6 25. Nb6 1-0

[Event "Ruhrgebiet VL1 0405"]
[Site "Ruhrgebiet"]
[Date "2005.03.13"]
[Round "8.6"]
[White "Limberg, Martin"]
[Black "Nowicki, Christian"]
[Result "1/2-1/2"]
[WhiteElo "1917"]
[BlackElo "1953"]
[PlyCount "102"]
[EventDate "2004.09.12"]
[EventType "team"]
[EventRounds "9"]
[EventCountry "GER"]
[SourceTitle "EXT 2006"]
[Source "ChessBase"]
[SourceDate "2005.11.24"]
[SourceVersion "1"]
[SourceVersionDate "2005.11.24"]
[SourceQuality "1"]
[WhiteTeam "Osterfeld"]
[BlackTeam "Laeufer Wanne Eickel"]
[WhiteTeamCountry "GER"]
[BlackTeamCountry "GER"]

1. d4 Nf6 2. c3 d5 3. Bf4 Bf5 4. Qb3 Qc8 5. e3 e6 6. Nf3 h6 7. Be2 Be7 8. Nbd2 0-0 9. h3 Nbd7 10. 0-0 Re8 11. Rac1 c6 12. c4 Bd8 13. cxd5 exd5 14. Bd3 Bxd3 15. Qxd3 Bc7 16. Bxc7 Qxc7 17. b4 a6 18. a4 Qd6 19. Ra1 Ra7 20. b5 axb5 21. axb5 Rea8 22. Rxa7 Rxa7 23. bxc6 Qxc6 24. Rb1 Ne8 25. Qb5 Qxb5 26. Rxb5 Nc7 27. Rb2 Ra1+ 28. Kh2 b6 29. Rc2 Ra7 30. Ne1 Kf8 31. f3 Ke7 32. Kg3 Ne8 33. Kf2 Nd6 34. Nd3 Ra4 35. Nb1 Rc4 36. Nc3 Kd8 37. Ke2 Nb5 38. Kd2 Nxc3 39. Rxc3 Rxc3 40. Kxc3 Kc7 41. e4 dxe4 42. fxe4 Nf6 43. Nf2 Kc6 44. g4 h5 45. gxh5 Nxh5 46. d5+ Kd6 47. Kc4 Nf4 48. Kb5 f5 49. exf5 Kxd5 50. Kxb6 Ke5 51. Kc5 Kxf5 1/2-1/2

[Event "Ruhrgebiet VL1 0405"]
[Site "Ruhrgebiet"]
[Date "2004.11.28"]
[Round "4.6"]
[White "Limberg, Martin"]
[Black "Thormann, Olaf"]
[Result "1/2-1/2"]
[WhiteElo "1917"]
[BlackElo "1912"]
[PlyCount "45"]
[EventDate "2004.09.12"]
[EventType "team"]
[EventRounds "9"]
[EventCountry "GER"]
[SourceTitle "EXT 2006"]
[Source "ChessBase"]
[SourceDate "2005.11.24"]
[SourceVersion "1"]
[SourceVersionDate "2005.11.24"]
[SourceQuality "1"]
[WhiteTeam "Osterfeld"]
[BlackTeam "Brambauer"]
[WhiteTeamCountry "GER"]
[BlackTeamCountry "GER"]

1. d4 d5 2. c3 e6 3. Bf4 Nd7 4. e3 c5 5. Nf3 Ngf6 6. h3 Qb6 7. Qb3 c4 8. Qc2 Bd6 9. Nbd2 Bxf4 10. exf4 Qc7 11. g3 b5 12. Bg2 Bb7 13. 0-0 g6 14. Rfe1 Nh5 15. f5 gxf5 16. Qxf5 Ng7 17. Qg5 Rg8 18. Nh4 Qd8 19. Qh6 Qf6 20. Qxh7 0-0-0 21. Qc2 Nh5 22. Ndf3 Rg7 23. a4 1/2-1/2

[Event "Ruhrgebiet VL1 0405"]
[Site "Ruhrgebiet"]
[Date "2004.09.12"]
[Round "1.6"]
[White "Mackowiak, Sascha"]
[Black "Limberg, Martin"]
[Result "1/2-1/2"]
[WhiteElo "1792"]
[BlackElo "1917"]
[PlyCount "20"]
[EventDate "2004.09.12"]
[EventType "team"]
[EventRounds "9"]
[EventCountry "GER"]
[SourceTitle "EXT 2006"]
[Source "ChessBase"]
[SourceDate "2005.11.24"]
[SourceVersion "1"]
[SourceVersionDate "2005.11.24"]
[SourceQuality "1"]
[WhiteTeam "Bochum SV 02"]
[BlackTeam "Osterfeld"]
[WhiteTeamCountry "GER"]
[BlackTeamCountry "GER"]

1. d4 d5 2. c4 e6 3. Nc3 c6 4. Nf3 Nf6 5. Bg5 Be7 6. e3 Nbd7 7. Rc1 0-0 8. Bd3 b6 9. 0-0 Bb7 10. cxd5 cxd5 1/2-1/2

[Event "Duisburg Grossenbaum op"]
[Site "Duisburg"]
[Date "2004.05.31"]
[Round "6"]
[White "Limberg, Martin"]
[Black "Meinert, Thomas"]
[Result "0-1"]
[WhiteElo "2055"]
[BlackElo "1768"]
[PlyCount "46"]
[EventDate "2004.05.28"]
[EventType "swiss"]
[EventRounds "7"]
[EventCountry "GER"]
[SourceTitle "EXT 2006"]
[Source "ChessBase"]
[SourceDate "2005.11.24"]
[SourceVersion "1"]
[SourceVersionDate "2005.11.24"]
[SourceQuality "1"]

1. d4 g6 2. Bf4 Bg7 3. e3 c5 4. c3 b6 5. Nf3 Nf6 6. h3 Bb7 7. Be2 d6 8. 0-0 0-0 9. a4 Nc6 10. Na3 Qd7 11. Nc4 Rad8 12. Re1 e5 13. dxe5 dxe5 14. Ncxe5 Nxe5 15. Nxe5 Qe6 16. Qc2 Nh5 17. Bxh5 gxh5 18. Nf3 Bxf3 19. gxf3 Qxh3 20. Qe2 Kh8 21. Bh2 Rg8 22. f4 Bxc3+ 23. Bg3 Bxe1 0-1

[Event "Canarias en Red prel 1st"]
[Site "Playchess.com INT"]
[Date "2004.05.03"]
[Round "4"]
[White "Limberg, Martin"]
[Black "Tuominen, Risto"]
[Result "0-1"]
[WhiteElo "2055"]
[BlackElo "2239"]
[PlyCount "162"]
[EventDate "2004.05.03"]
[EventType "swiss (blitz)"]
[EventRounds "13"]
[EventCountry "GER"]
[SourceTitle "EXT 2005"]
[Source "ChessBase"]
[SourceDate "2004.11.15"]
[SourceVersion "1"]
[SourceVersionDate "2004.11.15"]
[SourceQuality "1"]

1. d4 Nf6 2. Bf4 c5 3. c3 d5 4. e3 e6 5. Nf3 Nc6 6. Be2 Bd6 7. Bg3 0-0 8. 0-0 Re8 9. a4 e5 10. dxe5 Nxe5 11. Nxe5 Bxe5 12. Nd2 Bxg3 13. hxg3 Bf5 14. Bf3 Rc8 15. Re1 Qc7 16. a5 Rcd8 17. Qa4 Be4 18. Nxe4 dxe4 19. Be2 Rd2 20. b4 cxb4 21. cxb4 Red8 22. Rac1 Qe5 23. a6 bxa6 24. Qxa6 R2d7 25. b5 h5 26. Rc8 Rxc8 27. Qxc8+ Kh7 28. Qc6 Rc7 29. Qa6 Qc5 30. Qa2 Ng4 31. Bxg4 hxg4 32. Qe2 f5 33. Rd1 Rb7 34. Rb1 a6 35. Qd2 axb5 36. Rc1 Qe7 37. Qd5 Qf7 38. Qe5 b4 39. Kh2 b3 40. Rb1 g6 41. f3 exf3 42. gxf3 gxf3 43. Rb2 Qc4 44. Kh3 Qg4+ 45. Kh2 Qc4 46. Kg1 Qc1+ 47. Kh2 Qc6 48. Kg1 Rd7 49. Rh2+ Kg8 50. Qe8+ Kg7 51. Qh8+ Kf7 52. Rh7+ Ke6 53. Qg8+ Kd6 54. Qh8 Rxh7 55. Qf8+ Re7 56. Qf6+ Re6 57. Qd4+ Qd5 58. Qb6+ Ke5 59. Qb8+ Qd6 60. Qb5+ Qd5 61. Qb8+ Ke4 62. Qb4+ Kxe3 63. Qe1+ Kd4 64. Qb4+ Qc4 65. Qd2+ Qd3 66. Qb4+ Ke3 67. Qb6+ Qd4 68. Qxe6+ Kd3+ 69. Kh2 f2 70. Kh3 b2 71. Qa6+ Qc4 72. Qa3+ Qc3 73. Qa6+ Kc2 74. Qd6 f1Q+ 75. Kh4 Qh1+ 76. Kg5 Qe4 77. Qe6 Qxe6 78. g4 fxg4 79. Kh6 g5+ 80. Kxg5 Qcf6+ 81. Kh5 Qh6# 0-1

[Event "Ruhrgebiet VL1 0304"]
[Site "Ruhrgebiet"]
[Date "2003.11.09"]
[Round "3.6"]
[White "Olf, Hans Helmut"]
[Black "Limberg, Martin"]
[Result "1/2-1/2"]
[WhiteElo "2033"]
[BlackElo "1951"]
[PlyCount "34"]
[EventDate "2003.09.28"]
[EventType "team"]
[EventRounds "9"]
[EventCountry "GER"]
[SourceTitle "EXT 2007"]
[Source "ChessBase"]
[SourceDate "2006.11.23"]
[SourceVersion "1"]
[SourceVersionDate "2006.11.23"]
[SourceQuality "1"]
[WhiteTeam "Welper SV"]
[BlackTeam "Osterfeld"]
[WhiteTeamCountry "GER"]
[BlackTeamCountry "GER"]

1. Nf3 d5 2. g3 c6 3. Bg2 Bf5 4. d3 Nf6 5. Nbd2 h6 6. c3 e6 7. 0-0 Be7 8. Re1 0-0 9. Ne5 Nbd7 10. Ndf3 Qc7 11. Bf4 Nxe5 12. Bxe5 Qb6 13. Qb3 Ng4 14. Qxb6 axb6 15. Bc7 b5 16. e4 dxe4 17. dxe4 Bh7 1/2-1/2

[Event "Ruhrgebiet VL1 0304"]
[Site "Ruhrgebiet"]
[Date "2003.09.28"]
[Round "1.6"]
[White "Weiss, Thomas"]
[Black "Limberg, Martin"]
[Result "1/2-1/2"]
[WhiteElo "2030"]
[BlackElo "1951"]
[PlyCount "46"]
[EventDate "2003.09.28"]
[EventType "team"]
[EventRounds "9"]
[EventCountry "GER"]
[SourceTitle "EXT 2007"]
[Source "ChessBase"]
[SourceDate "2006.11.23"]
[SourceVersion "1"]
[SourceVersionDate "2006.11.23"]
[SourceQuality "1"]
[WhiteTeam "Oberhausen"]
[BlackTeam "Osterfeld"]
[WhiteTeamCountry "GER"]
[BlackTeamCountry "GER"]

1. d4 d5 2. c4 e6 3. Nf3 c6 4. Qc2 Nf6 5. g3 Be7 6. Bg2 Nbd7 7. 0-0 0-0 8. b3 b6 9. Bb2 Bb7 10. Nbd2 Rc8 11. Rac1 c5 12. cxd5 cxd4 13. Qb1 e5 14. Ng5 Bb4 15. Rxc8 Qxc8 16. Nde4 h6 17. a3 Nxe4 18. Nxe4 Be7 19. Rc1 Qb8 20. d6 Bxe4 21. Qxe4 Bxd6 22. Qf5 Nf6 23. Rc6 Qd8 1/2-1/2